Aménagement et développement rural.Un plaidoyer (Record no. 28957)

MARC details
000 -LEADER
fixed length control field 00422 a2200181 4500
020 ## - NUMERO INTERNATIONAL NORMALISE DES LIVRES
International Standard Book Number 2-85206-403-0
130 ## - VEDETTE PRINCIPALE - TITRE UNIFORME
Language of a work FR
100 ## - VEDETTE PRINCIPALE - NOM DE PERSONNE
Personal name GADANT,Jean
260 ## - PUBLICATION, DISTRIBUTION, ETC. (IMPRINT)
Name of publisher, distributor, etc Technique et documentation-Lavoisier
245 ## - TITLE STATEMENT
Title Aménagement et développement rural.Un plaidoyer
260 ## - PUBLICATION, DISTRIBUTION, ETC. (IMPRINT)
Place of publication, distribution, etc Paris
260 ## - PUBLICATION, DISTRIBUTION, ETC. (IMPRINT)
Date of publication, distribution, etc 1987
300 ## - PHYSICAL DESCRIPTION
Extent v-210p.
690 ## - LOCAL SUBJECT ADDED ENTRY--TOPICAL TERM (OCLC, RLIN)
Topical term or geographic name as entry element AMENAGEMENT
690 ## - LOCAL SUBJECT ADDED ENTRY--TOPICAL TERM (OCLC, RLIN)
Topical term or geographic name as entry element DEVELOPPEMENT RURAL
Holdings
Withdrawn status Lost status Damaged status Not for loan Location (home branch) Sublocation or collection (holding branch) Date acquired Koha issues (times borrowed) Koha full call number Koha date last seen Copy number Price effective from Koha item type Public note
        Bibliothèque-Centre de Documentation de la Faculté des Sciences Agronomiques Bibliothèque-Centre de Documentation de la Faculté des Sciences Agronomiques     AGE.1987.001 28/02/2009 1 28/02/2009 Livre A.6124


© 2008, Bibliothèques de l'Université d'Abomey-Calavi

04 BP 789 Cotonou, Tél. : +229 21 36 01 01, Fax : +229 21 35 06 32

Courriel : bu@bu.uac.bj